Spatial Analysis of Housing and Economic Complexes in the Upper Palaeolithic of Transbaikal (Southern Siberia)

محفوظ في:

المؤلف الرئيسي: Razgildeeva, Irina I. (مؤلف)

مؤلفون آخرون: Bland, Richard L. (المحرر), Kuzmin, Yaroslav V. (المحرر)

التنسيق: كتاب

منشور في: Oxford Archaeopress Publishing Ltd 2025

الوسوم: إضافة وسم

لا توجد وسوم, كن أول من يضع وسما على هذه التسجيلة!

رقم الطلب:

LEADER 00810namaa2200193 4500
001 9781803279794
003 UkOxAP
005 20260405155016.0
020 |a 9781803279800 
776 1 |x 9781803279794 
245 0 0 |a Spatial Analysis of Housing and Economic Complexes in the Upper Palaeolithic of Transbaikal (Southern Siberia) 
100 1 |a Razgildeeva, Irina I.  |e Author  |l English 
700 1 |a Bland, Richard L.  |e Editor  |l English 
700 1 |a Kuzmin, Yaroslav V.  |e Editor  |l English 
856 4 2 |a http://library.arce.org:8087/Archaeopress/Products/9781803279800 
260 |a Oxford  |b Archaeopress Publishing Ltd  |c 2025 
270 |a Archaeopress Publishing Ltd, Summertown Pavillion, 18 -24 Middle Way, Summertown  |b Oxford  |d United Kingdom  |e OX2 7LG  |k 44-1865-311914  |m info@archaeopress.com 
942 |2 lcc  |c EBOOK 
999 |c 62070  |d 62070